Guess the 1970s song lyrics #100 - Statistics

General Stats
  • This quiz has been taken 35 times
  • The average score is 147 of 258
Answer Stats
Answer % Correct
I
97%
love
97%
a
93%
the
93%
The
93%
you
93%
me
90%
We
90%
And
87%
and
87%
in
87%
is
87%
to
87%
go
83%
my
83%
that
83%
on
80%
When
80%
her
77%
I'm
77%
all
70%
I've
70%
night
70%
no
70%
No
70%
of
70%
she
70%
She
70%
from
67%
got
67%
It's
67%
it's
67%
there
67%
thing
63%
at
60%
been
60%
get
60%
has
60%
one
60%
Don't
57%
don't
57%
had
57%
too
57%
We've
57%
down
53%
here
53%
more
53%
Oh
53%
that's
53%
lover
50%
need
50%
baby
47%
called
47%
gets
47%
head
47%
radar
47%
Radar
47%
some
47%
take
47%
coming
43%
Coming
43%
his
43%
lonely
43%
much
43%
new
43%
now
43%
above
40%
gone
40%
hands
40%
says
40%
song
40%
drivin
37%
enough
37%
Gotta
37%
gotta
37%
Last
37%
sky
37%
sure
37%
There's
37%
wheel
37%
keep
33%
radio
33%
car
30%
gear
30%
road
30%
sends
30%
air
27%
callin
27%
care
27%
playing
27%
real
27%
shifting
27%
almost
23%
cars
23%
comfort
23%
forgotten
23%
four
23%
half
23%
past
23%
wet
23%
line
20%
speed
20%
Strong
20%
sunrise
20%
voice
20%
wave
20%
Brenda
17%
cool
17%
drives
17%
hypnotized
17%
letter
17%
pass
17%
played
17%
radio's
17%
same
17%
Lee's
13%
phone
13%
sang
13%
slow
13%
speedin
13%
cable
10%
heel
10%
longing
10%
newsman
10%
drove
3%
No matching quizzes found
Score Distribution
Percent of People with Each Score
Percentile by Number Answered
Your Score History
You have not taken this quiz